000
00327nam a22001337a 4500
008
250307b |||||||| |||| 00| 0 eng d
020
_a
9789383992
050
_a
S499.5
_b
.A45
100
_a
Jha Kumar Ramesh
245
_a
Agroforesters Companion
260
_a
New Delhi
_b
Bharya Books [Bet]
_c
2022
300
_a
454p
942
_c
BK
999
_c
2171
_d
2171